00711nam a2200193 i 450000100060000000300090000600500170001500700030003200800410003510000350007624500600011126000330017130000200020450000690022471000550029385200310034899900170037995201210039623572ES-MaACL20250830035356.0t|021211s1970 sp ||||1| lat d1 aAlvarez Campos, Sergio.92072110aCorpus Marianum Patristicum / cSergius Alvarez Campos. aBurgos : bAldecoa, c[1970] a2 v. ; c24 cm. aPrecede a tít.: Facultas Theologica Hispaniae Septentrionalis.2 aFacultad de Teología del Norte de España94072 aES-MaACLjP-1613 bR.74686 c23572d23572 00104070aATENEOMbATENEOMcDEPO2d2008-01-17eSCl0oP-1613p1024290r2023-02-23 00:00:00w2023-02-23yMONOGRAFIA